[Event "Oslo OSS-ch Junior-B"]
[Site "Oslo"]
[Date "2020.06.24"]
[Round "4"]
[White "Dobroliubov, Yan"]
[Black "Kierulf, Villum Brevick"]
[Result "0-1"]
[WhiteElo "1539"]
[BlackElo "1490"]
[PlyCount "98"]
[EventDate "2020.06.24"]
[EventType "swiss"]
[EventRounds "5"]
[EventCountry "NOR"]
[SourceTitle "EXT 2024"]
[Source "ChessBase"]
[SourceDate "2023.10.10"]
[SourceVersion "1"]
[SourceVersionDate "2023.10.10"]
[SourceQuality "1"]

1. e4 d5 2. exd5 Nf6 3. d4 Bg4 4. Nf3 Qxd5 5. Be2 e6 6. Nc3 Qh5 7. h3 Nc6 8. 0-0 Bxf3 9. Bxf3 Qg6 10. d5 0-0-0 11. Qd2 Bb4 12. Rd1 Bxc3 13. Qxc3 Nxd5 14. Qb3 Ndb4 15. c3 Nc2 16. Rb1 Rxd1+ 17. Bxd1 N2d4 18. cxd4 Qxb1 19. Be3 Rd8 20. Qc2 Qxc2 21. Bxc2 Nxd4 22. Bxh7 g6 23. Bg8 Nf3+ 24. gxf3 Rxg8 25. Kg2 Kd7 26. Kg3 Kd6 27. Bf4+ e5 28. Be3 f5 29. f4 e4 30. Kh4 a5 31. Kg5 Ke6 32. Bd4 Kd5 33. Bc3 a4 34. Kh6 Ke6 35. a3 c5 36. h4 b5 37. Kh7 Kf7 38. Kh6 Rb8 39. Kg5 b4 40. axb4 cxb4 41. Be5 a3 42. b3 a2 43. f3 e3 44. h5 gxh5 45. Kxf5 e2 46. Bc3 bxc3 47. Kg5 e1Q 48. Kxh5 Rg8 49. f5 Qh1# 0-1